000 00692nam a2200241Ia 4500
003 OSt
005 20220926014722.0
006 a|||||r|||| 00| 0
007 ta
008 220923b |||||||| |||| 00| 0 eng d
020 _a0070550395
037 _cGeneral Book
040 _aRTL
_cRTL
_beng
041 _2eng
_aeng
082 _aX:72:(B), L7
100 _aScarfe Brian L.
_9321034
245 0 _aCycles, growth and inflation
_b A survey of contemp
260 _aNew York
_bMcGraw-Hill USA
_c1977
300 _ax, 309p, Bib p 301-06
_ccm.
650 _aMacroeconomics
_9186166
942 _hX:72:(B), L7
_cGB
_2CC
999 _c629696
_d629696